1655 1050 1005 1506 1549 1000 1679 1265 1742 1937 1265 1369 1864 1515 1532 1514 1786 1446 1571 1671 1496 1660 1622 1702 1985 1819 1266 1940 1708 1262 1010 1426 1341 1587 1824 1032 1930 1495 1618 1916 1835 1853 1923 1232 1247 1869 1271 1053 1167 1525 1899 1311 1249 1380 1003 1469 1030 1941 1114 1583 1667 1618 1747 1551 1311 1906 1632 1037 1022 1748 1714 1865 1538 1698 1977 1012 1733 1582 1301 1394 1208 1822 1515 1723 1276 1564 1687 1735 1233 1877 1714 1855 1520 1927 1570 1434 1619 1620 1113 BCNSPRNW ULIB Ver.6.0+V

เปลี่ยนเป็นภาษาไทย

Change to English
 แสดงรายละเอียดบรรณานุกรม
  กลับหน้าหลัก

Brief Record : Get Marc (ISO 2709) : E-mail record : QR code < ปิดหน้าต่าง
LEADER : 00000nam 2200000uu 4500
001    13399114439
003     ULIB
008    110627s||||||||th 000 0 tha d
020    9789745764002
090    นว.^bส174น
098    นว.^bส174น
100 0  สเตเฟนี่ เมเยอร์
245 00 นวจันทรา (New Moon)/^cสเตเฟนี่ เมเยอร์
250    พิมพ์ครั้งที่ 8
260    กรุงเทพฯ :^bปราชญ์เปรียว,^c2552
300    509 หน้า
710 1  ปราชญ์เปรียว
945    ^p335^l0^i026729
995    ทศพร
999 ^a ใช้งานได้ทุกระบบ
รายการนี้ยังไม่มีแท็ก
คุณยังไม่ได้ล็อกอิน คุณสามารถมีกิจกรรมร่วมกับเว็บไซต์ได้ แต่ต้องล็อกอินก่อน ::
  ล็อกอิน

รายการสื่อสารสนเทศ

ลำดับที่ ประเภท เลขเรียก/บาร์โค้ด สถานที่ สถานะ
1. นวนิยาย
นวนิยาย
นว. ส174น  
  Barcode: 026729
ห้องสมุดวิทยาเขตสวรรค์ประชารักษ์
►นวนิยาย
บนชั้น
  ขอยืม

รายการใกล้เคียง
    ผู้แต่ง [สเตเฟนี่ เมเยอร์]

BibComment


ยังไม่เคยถูกคอมเมนท์

คอมเมนท์ทรัพยากรรายการนี้
  คอมเมนท์: นวจันทรา New Moon..


 Copyright 2026. Bcnsprnw @Library